En la quietud del mármol

Saved in:
Bibliographic Details
Main Author: Wilms Montt, Thérèse (Author)
Format: Book
Language:Spanish
Published: Madrid Casa editora Blanco 1918
Subjects:
Tags: Add Tag
No Tags, Be the first to tag this record!

MARC

LEADER 00000nam a2200000 a 4500
001 UCJ3993
003 CL-VaPUC
005 20210805001707.0
008 070124e19180000SP |||||||||||||||||spa|d
999 |c 320111  |d 320109 
040 |c Pontificia Universidad Católica de Valparaíso 
082 0 4 |a Ch861 WIL 1918  |2 21 
100 0 |a Wilms Montt, Thérèse  |e author  |9 506738 
245 1 0 |a En la quietud del mármol 
260 |a Madrid  |b Casa editora Blanco  |c 1918 
300 |a 76 páginas 
500 |a La c.1 contiene una nota manuscrita de Don Eduardo relativa a la autora; fuera de texto, recorte del diario La Unión de Valparaíso con una nota literaria alusiva 
583 |a last modification  |c 20070124 00:00:00  |k Rodrigo Vera 
600 0 7 |a BALMACEDA VALDES, GUSTAVO  |2 CL-VaPUC  |9 506739 
650 0 |a Poesía chilena   |9 268403 
650 0 |a Crítica literaria   |9 269189 
650 7 |a PROSA POETICA  |2 CL-VaPUC  |9 420825 
942 |c BK  |2 ddc 
945 |d 20070124 00:00:00  |a rinostro 
952 |0 0  |1 0  |4 0  |6 CH_861_000000000000000_WIL_1918  |7 0  |8 X  |9 398576  |a FDOBUD  |b FDOBUD  |d 2019-11-22  |i 101191K  |o Ch861 WIL 1918  |p 101191K  |r 2019-11-22  |w 2019-11-22  |y BK_X  |k BUD 
952 |0 0  |1 0  |4 0  |6 CH_861_000000000000000_WIL_1918  |7 0  |8 X  |9 398577  |a FDOBUD  |b FDOBUD  |d 2019-11-22  |i 1034677  |o Ch861 WIL 1918  |p 1034677  |r 2019-11-22  |w 2019-11-22  |y BK_X  |k BUD